<?xml version="1.0" encoding="UTF-8"?>
<collection xmlns="http://www.loc.gov/MARC21/slim">
<record>
  <controlfield tag="001">167477</controlfield>
  <controlfield tag="005">20260121151437.0</controlfield>
  <datafield tag="037" ind1=" " ind2=" ">
    <subfield code="a">TAZ-TFG-2025-364</subfield>
  </datafield>
  <datafield tag="041" ind1=" " ind2=" ">
    <subfield code="a">spa</subfield>
  </datafield>
  <datafield tag="100" ind1="1" ind2=" ">
    <subfield code="a">Urieta Gericó, Ana</subfield>
  </datafield>
  <datafield tag="242" ind1="0" ind2="0">
    <subfield code="a">Health education programme for patients with early stages Chronic Kidney Disease</subfield>
  </datafield>
  <datafield tag="245" ind1="0" ind2="0">
    <subfield code="a">Programa de educación para la salud dirigido a pacientes con Enfermedad Renal Crónica en estadios iniciales</subfield>
  </datafield>
  <datafield tag="260" ind1=" " ind2=" ">
    <subfield code="a">Zaragoza</subfield>
    <subfield code="b">Universidad de Zaragoza</subfield>
    <subfield code="c">2025</subfield>
  </datafield>
  <datafield tag="506" ind1=" " ind2=" ">
    <subfield code="a">by-nc-sa</subfield>
    <subfield code="b">Creative Commons</subfield>
    <subfield code="c">3.0</subfield>
    <subfield code="u">http://creativecommons.org/licenses/by-nc-sa/3.0/</subfield>
  </datafield>
  <datafield tag="520" ind1=" " ind2=" ">
    <subfield code="a">Introducción: La Enfermedad Renal Crónica (ERC) es una afección progresiva que altera la función de los riñones y repercute en la salud global de los pacientes que la padecen. Su prevalencia en España es del 15,1%, con factores de riesgo como hipertensión y diabetes. Atención Primaria y en concreto, Enfermería, desempeñan un papel crucial en la promoción y prevención de la ERC, ya que contribuyen a mejorar el nivel de conocimientos del paciente, fomentan la adherencia al tratamiento y mejoran su bienestar emocional, lo que repercute positivamente en su calidad de vida.&lt;br />Objetivo general: Diseñar un programa de educación para la salud dirigido a pacientes con ERC en estadios iniciales (G1-G3a) para prevenir y/o ralentizar su progresión.&lt;br />Metodología: Se basó en las directrices de Martin Zurro para diseñar un programa educativo sobre ERC. Incluye la identificación del problema, en el que se establece la importancia de la educación en la ERC; definición de objetivos centrados en el conocimiento, hábitos y autocuidado; determinación de recursos; diseño metodológico que comprende unas sesiones teórico-prácticas; y evaluación mediante cuestionarios y seguimiento del paciente.&lt;br />Desarrollo: Se propone un programa compuesto por cuatro sesiones teórico-prácticas diseñadas con la finalidad de que los pacientes conozcan la ERC, sus factores de riesgo y la importancia de la detección precoz. Además, se abordan estrategias de renoprotección para modificar hábitos que favorecen la progresión de la enfermedad y sus principales comorbilidades. Asimismo, se fomenta una alimentación saludable adaptada a las necesidades del paciente y se promueve el establecimiento de una red de apoyo emocional. &lt;br />Conclusiones: En la ERC, con la finalidad de fomentar hábitos de vida saludables e impedir que llegue a sus estadios más avanzados, resulta una prioridad para el sistema sanitario realizar programas de educación para la salud y que estos sean impulsados y diseñados por el personal de enfermería. &lt;br />Palabras clave: Enfermedad renal crónica (ERC), Prevención Primaria, Estilo de Vida Saludable, Educación en Salud, Autocuidado.&lt;br />&lt;br /></subfield>
  </datafield>
  <datafield tag="521" ind1=" " ind2=" ">
    <subfield code="a">Graduado en Enfermería</subfield>
  </datafield>
  <datafield tag="540" ind1=" " ind2=" ">
    <subfield code="a">Derechos regulados por licencia Creative Commons</subfield>
  </datafield>
  <datafield tag="856" ind1="0" ind2=" ">
    <subfield code="f">795668@celes.unizar.es</subfield>
  </datafield>
  <datafield tag="856" ind1="4" ind2=" ">
    <subfield code="s">1959103</subfield>
    <subfield code="u">http://zaguan.unizar.es/record/167477/files/TAZ-TFG-2025-364.pdf</subfield>
    <subfield code="y">Memoria (spa)</subfield>
  </datafield>
  <datafield tag="909" ind1="C" ind2="O">
    <subfield code="o">oai:zaguan.unizar.es:167477</subfield>
    <subfield code="p">driver</subfield>
    <subfield code="p">trabajos-fin-grado</subfield>
  </datafield>
  <datafield tag="950" ind1=" " ind2=" ">
    <subfield code="a"></subfield>
  </datafield>
  <datafield tag="691" ind1=" " ind2=" ">
    <subfield code="a">3</subfield>
  </datafield>
  <datafield tag="692" ind1=" " ind2=" ">
    <subfield code="a">La ERC es una patología que afecta a millones de personas en el mundo y en muchos casos, puede evitarse o al menos ralentizarse promoviendo programas de educación para la salud y el diagnóstico precoz.</subfield>
  </datafield>
  <datafield tag="700" ind1=" " ind2=" ">
    <subfield code="a">Hijós Larraz, Luis Alfonso</subfield>
    <subfield code="e">dir.</subfield>
  </datafield>
  <datafield tag="710" ind1="2" ind2=" ">
    <subfield code="a">Universidad de Zaragoza</subfield>
    <subfield code="b">Fisiatría y Enfermería</subfield>
    <subfield code="c">Enfermería</subfield>
  </datafield>
  <datafield tag="980" ind1=" " ind2=" ">
    <subfield code="a">TAZ</subfield>
    <subfield code="b">TFG</subfield>
    <subfield code="c">ENFHUES</subfield>
  </datafield>
  <datafield tag="999" ind1=" " ind2=" ">
    <subfield code="a">20250405180847.CREATION_DATE</subfield>
  </datafield>
  <datafield tag="951" ind1=" " ind2=" ">
    <subfield code="a">deposita:2026-01-21</subfield>
  </datafield>
</record>
</collection>